Loading...

Indian journal of fisheries, Vol.56(3)2009

Bibliographic Details
Format: Printed Book
LEADER 00400nam a2200193 4500
020
082
100
245 |a Indian journal of fisheries, Vol.56(3)2009 
250
260
300
490
500
590 |a Priya  |b 2011-04-27 16:17:58 
650
942 |c BK 
999 |c 101425  |d 101425 
952 |0 0  |1 0  |4 0  |7 0  |9 114893  |a AQU  |b AQU  |l 0  |p AQUK00543  |r 2019-09-25  |w 2019-09-25  |y BK